| 000 | 01601nam a2200373 c 4500 | ||
|---|---|---|---|
| 003 | BLK | ||
| 005 | 20250722100148.0 | ||
| 008 | 180409b bul|||||r ||||||| ||bul|| | ||
| 010 | _aKNG00135296000 | ||
| 020 |
_a978-954-8186-89-6 _bиздат.: Санома Блясък България |
||
| 040 | _aBLK | ||
| 041 |
_aBUL _cBUL |
||
| 072 | 7 |
_2bullib _aН83 _xЧужда художествена литература Н |
|
| 080 |
_aАмериканска литература (на САЩ) _b821.111(73) _x-312.4 _z821.111(73)-312.4 |
||
| 100 | 1 |
_aЛоуел, Елизабет _eпърви автор _989657 |
|
| 139 |
_aЛоуел, Елизабет _bЛ 84 |
||
| 245 | 1 | 0 |
_aНикога не е късно да умреш _bРоман _cЕлизабет Лоуел; прев. Дори Генадиева Габровска. |
| 250 | _a2. изд. | ||
| 257 | _aUSA | ||
| 260 |
_аСофия _bСанома Блясък България _c2012 |
||
| 300 |
_a304 с. _c20 см |
||
| 380 | _aX | ||
| 490 | 1 |
_aКралиците на трилъра _v8 |
|
| 500 | _a1. изд. 2007 на изд. Хермес. - Ориг. загл. Always Time to Die / Elizabeth Lowell. Разпространява се само със сп. Story сп. Блясък. | ||
| 653 | _aкрими | ||
| 659 | _aН | ||
| 700 | 1 |
_aГабровска, Дори Генадиева _d1969 - _eпрев. _950364 |
|
| 852 | _aЦб 257118 | ||
| 856 | 4 |
_qpdf _u |
|
| 856 | 4 |
_qpdf _u |
|
| 942 |
_cKNG _n0 _020 |
||
| 944 |
_aCR _c19.10.2012 _lЦветомила Тодорова _k30576 |
||
| 944 |
_aED _c05.09.2014 _lф / _k |
||
| 999 |
_c129559 _d129559 |
||